000 00247nam a22000977a 4500
041 _aENG
100 _aGarg S.K
245 _aEnvironmental Engg Vol II Sewage Disposal And Air Pollution Engineering
260 _aDelhi
_bKhanna PUB
_c1998
300 _a877
999 _c618
_d618